[Event "HUN-chT2 Maroczy 1819"]
[Site "Hungary"]
[Date "2018.12.02"]
[Round "5.4"]
[White "Kincs, Imre"]
[Black "Meszaros, Andras"]
[Result "1-0"]
[WhiteElo "2218"]
[BlackElo "2236"]
[PlyCount "103"]
[EventDate "2018.09.23"]
[EventType "team-tourn"]
[EventRounds "11"]
[EventCountry "HUN"]
[SourceTitle "EXT 2020"]
[Source "ChessBase"]
[SourceDate "2019.10.17"]
[SourceVersion "1"]
[SourceVersionDate "2019.10.17"]
[SourceQuality "1"]
[WhiteTeam "Penzugyor II"]
[BlackTeam "Taban Spartacus"]
[WhiteTeamCountry "HUN"]
[BlackTeamCountry "HUN"]

1. d4 Nf6 2. c4 c5 3. d5 b5 4. cxb5 a6 5. bxa6 Bxa6 6. Nc3 g6 7. g3 Bg7 8. Bg2 d6 9. h4 Nbd7 10. Nh3 Qa5 11. Nf4 h5 12. Bd2 Rb8 13. Qc2 Ne5 14. 0-0 0-0 15. b3 Bc8 16. Ne4 Qb5 17. Ng5 Bf5 18. e4 Bd7 19. Rfc1 Rfc8 20. Rab1 Qa6 21. Bc3 Nfg4 22. Bf1 Qa3 23. Be2 Ra8 24. f3 Nf6 25. Bb2 Qa7 26. Kg2 Qb6 27. Bxe5 dxe5 28. Nd3 Ne8 29. Nxc5 Qb4 30. Kf1 Nd6 31. a4 f6 32. Nge6 Bxe6 33. dxe6 Bh6 34. Qc3 Qxc3 35. Rxc3 Bd2 36. Rd3 Bb4 37. Nd7 Rc6 38. Rd5 Kg7 39. Bd3 Rac8 40. Ke2 Ne8 41. Rb5 Ba3 42. Nb6 Rd8 43. Nc4 Bc5 44. b4 Bd4 45. Rd5 Ra8 46. b5 Rxe6 47. b6 Rc6 48. a5 Rb8 49. Rxd4 exd4 50. a6 Nd6 51. a7 Ra8 52. Nxd6 1-0

[Event "Zalakaros op 37th"]
[Site "Zalakaros"]
[Date "2018.06.02"]
[Round "9"]
[White "Szeberenyi, Adam"]
[Black "Kincs, Imre"]
[Result "0-1"]
[WhiteElo "2372"]
[BlackElo "2210"]
[PlyCount "64"]
[EventDate "2018.05.25"]
[EventType "swiss"]
[EventRounds "9"]
[EventCountry "HUN"]
[SourceTitle "CBM 184 Extra"]
[Source "ChessBase"]
[SourceDate "2018.06.28"]
[SourceVersion "1"]
[SourceVersionDate "2018.06.28"]
[SourceQuality "1"]

1. d4 Nf6 2. Nf3 d5 3. c4 e6 4. Nc3 c6 5. e3 Nbd7 6. Qc2 Bd6 7. e4 dxe4 8. Nxe4 Nxe4 9. Qxe4 Nf6 10. Qh4 c5 11. Bd2 cxd4 12. Nxd4 Be5 13. Nb5 Bxb2 14. Rd1 0-0 15. Bb4 Bd7 16. Rb1 Bxb5 17. Rxb2 Ba4 18. Be2 Re8 19. 0-0 Rc8 20. Rd2 Qc7 21. Bd6 Qa5 22. Rd3 Bc2 23. Ra3 Qd2 24. Rg3 Qxd6 25. Bf3 Bg6 26. Qg5 Rc5 27. Qe3 b6 28. h4 Rec8 29. Rd1 Qc7 30. Be2 Re5 31. Qf4 h6 32. Re3 Rd5 0-1

[Event "Zalakaros op 37th"]
[Site "Zalakaros"]
[Date "2018.06.01"]
[Round "8"]
[White "Kincs, Imre"]
[Black "Bokros, Albert"]
[Result "1-0"]
[WhiteElo "2210"]
[BlackElo "2480"]
[PlyCount "83"]
[EventDate "2018.05.25"]
[EventType "swiss"]
[EventRounds "9"]
[EventCountry "HUN"]
[SourceTitle "CBM 184 Extra"]
[Source "ChessBase"]
[SourceDate "2018.06.28"]
[SourceVersion "1"]
[SourceVersionDate "2018.06.28"]
[SourceQuality "1"]

1. e4 c5 2. Nf3 e6 3. d4 cxd4 4. Nxd4 Nf6 5. Nc3 d6 6. Bg5 Be7 7. f4 h6 8. Bxf6 Bxf6 9. Qd2 a6 10. 0-0-0 0-0 11. Kb1 b5 12. g4 Bb7 13. Bg2 Nd7 14. h4 Nb6 15. g5 Nc4 16. Qe2 Bxd4 17. Rxd4 e5 18. fxe5 Qb6 19. Rd3 Nxe5 20. Rg3 h5 21. Qxh5 Qf2 22. g6 fxg6 23. Qg5 b4 24. Nd1 Qe2 25. Ne3 Qh5 26. Qe7 Bc6 27. Qxd6 Rf6 28. Qxb4 Qe2 29. Qe1 Qb5 30. b3 a5 31. Rg5 Qb8 32. Qc3 Nf7 33. Rc5 Qb7 34. h5 a4 35. Ng4 Re6 36. h6 gxh6 37. Nxh6+ Nxh6 38. Rxh6 Qg7 39. Rxc6 Rxc6 40. Qxc6 Rd8 41. Rh1 a3 42. e5 1-0

[Event "Balaton op 34th"]
[Site "Balatonboglar"]
[Date "2016.06.22"]
[Round "9"]
[White "Kincs, Imre"]
[Black "Boguszlavszkij, Jevgenyij"]
[Result "1-0"]
[WhiteElo "2154"]
[BlackElo "2212"]
[PlyCount "111"]
[EventDate "2016.06.14"]
[EventType "swiss"]
[EventRounds "9"]
[EventCountry "HUN"]
[SourceTitle "CBM 173 Extra"]
[Source "ChessBase"]
[SourceDate "2016.08.29"]
[SourceVersion "1"]
[SourceVersionDate "2016.08.29"]
[SourceQuality "1"]

1. d4 Nf6 2. Nf3 e6 3. c4 b6 4. g3 Bb7 5. Bg2 Be7 6. 0-0 0-0 7. Nc3 d5 8. cxd5 exd5 9. Ne5 Nbd7 10. f4 Re8 11. Qb3 Nf8 12. g4 Ne6 13. e3 c5 14. g5 c4 15. Qa4 Ne4 16. Bxe4 dxe4 17. Qxc4 Rc8 18. Qb3 Rf8 19. Nxf7 Rxf7 20. Qxe6 Rc6 21. Qg4 Ba6 22. Bd2 Bxf1 23. Rxf1 Qc8 24. Qxc8+ Rxc8 25. a3 Bf8 26. Kf2 Rfc7 27. Ra1 b5 28. Ke2 Re8 29. b4 a6 30. Rc1 Kf7 31. f5 Rec8 32. h4 a5 33. Kd1 axb4 34. axb4 Bxb4 35. Nxe4 Rxc1+ 36. Bxc1 Be7 37. Bb2 Bb4 38. Nf2 g6 39. f6 h6 40. Ng4 hxg5 41. hxg5 Ke6 42. e4 Bd6 43. d5+ Kf7 44. e5 Rc5 45. Nh6+ Kf8 46. exd6 Rxd5+ 47. Ke2 b4 48. Ke3 Rxd6 49. Ke4 Rd2 50. Bd4 Rc2 51. Kd3 Rc8 52. Ng4 b3 53. Bb2 Kf7 54. Nh6+ Ke6 55. f7 Kd5 56. Ba3 1-0

[Event "Balaton op 34th"]
[Site "Balatonboglar"]
[Date "2016.06.17"]
[Round "4"]
[White "Kiss, Balazs2222"]
[Black "Kincs, Imre"]
[Result "0-1"]
[WhiteElo "1984"]
[BlackElo "2154"]
[PlyCount "70"]
[EventDate "2016.06.14"]
[EventType "swiss"]
[EventRounds "9"]
[EventCountry "HUN"]
[SourceTitle "CBM 173 Extra"]
[Source "ChessBase"]
[SourceDate "2016.08.29"]
[SourceVersion "1"]
[SourceVersionDate "2016.08.29"]
[SourceQuality "1"]

1. c4 d6 2. Nc3 g6 3. g3 Bg7 4. Bg2 e5 5. e4 Nc6 6. Nge2 Be6 7. d3 Qd7 8. h4 h6 9. Be3 Nge7 10. Qd2 f5 11. Nd5 a5 12. d4 fxe4 13. Bxe4 Nf5 14. Nxc7+ Qxc7 15. d5 Nb4 16. dxe6 Qxc4 17. Bxf5 gxf5 18. 0-0 Qxe6 19. Bb6 0-0 20. Bxa5 Nc6 21. Bc7 Rf6 22. f4 Qf7 23. Bb6 Rxa2 24. Nc3 Rxa1 25. Rxa1 Rg6 26. Bf2 exf4 27. Qxf4 Be5 28. Qe3 f4 29. Ra8+ Kg7 30. Qe4 fxg3 31. Be3 g2 32. Ra1 Qd7 33. h5 Rg4 34. Qd3 Qf7 35. Ra4 Bh2+ 0-1

[Event "HUN-chT2 Maroczy 1516"]
[Site "Hungary"]
[Date "2015.12.06"]
[Round "4.6"]
[White "Kincs, Imre"]
[Black "Papp Zoltan, Csaba"]
[Result "0-1"]
[WhiteElo "2151"]
[BlackElo "2242"]
[PlyCount "68"]
[EventDate "2015.10.18"]
[EventType "team-tourn"]
[EventRounds "9"]
[EventCountry "HUN"]
[SourceTitle "CBM 170 Extra"]
[Source "ChessBase"]
[SourceDate "2016.02.25"]
[SourceVersion "1"]
[SourceVersionDate "2016.02.25"]
[SourceQuality "1"]
[WhiteTeam "Penzugyor"]
[BlackTeam "Maroczy"]
[WhiteTeamCountry "HUN"]
[BlackTeamCountry "HUN"]

1. d4 d5 2. Nf3 Nf6 3. c4 Bf5 4. Nc3 e6 5. Bg5 dxc4 6. e4 Bg4 7. Bxc4 Bxf3 8. gxf3 Be7 9. Qb3 Nbd7 10. Bf4 Nh5 11. Be3 Nb6 12. Be2 c6 13. a4 Qc7 14. a5 Nd7 15. e5 g6 16. f4 Ng7 17. Bd3 0-0 18. Be4 Rfd8 19. 0-0 Rab8 20. Rfc1 Nf8 21. d5 exd5 22. Nxd5 Qd7 23. Nxe7+ Qxe7 24. Bxa7 Rbc8 25. Bb6 Nh5 26. Qf3 Rd2 27. Rab1 Ne6 28. Be3 Rd7 29. b4 Nd4 30. Bxd4 Rxd4 31. b5 f5 32. Bxf5 Rf8 33. bxc6 bxc6 34. Qxc6 Nxf4 0-1

[Event "HUN-chT2 Maroczy 1415"]
[Site "Hungary"]
[Date "2015.03.22"]
[Round "8"]
[White "Kincs, Imre"]
[Black "Nomin Erdene, Davaademberel"]
[Result "1/2-1/2"]
[WhiteElo "2133"]
[BlackElo "2069"]
[PlyCount "106"]
[EventDate "2014.10.12"]
[EventType "team-tourn"]
[EventRounds "9"]
[EventCountry "HUN"]
[SourceTitle "EXT 2016"]
[Source "ChessBase"]
[SourceDate "2015.10.08"]
[SourceVersion "1"]
[SourceVersionDate "2015.10.08"]
[SourceQuality "1"]
[WhiteTeam "Penzugyor II"]
[BlackTeam "TLSE"]
[WhiteTeamCountry "HUN"]
[BlackTeamCountry "HUN"]

1. d4 d5 2. Nf3 Nf6 3. c4 c6 4. e3 e6 5. Nc3 Nbd7 6. cxd5 exd5 7. Bd3 Bd6 8. Qc2 Qc7 9. Bd2 h6 10. Rc1 Qd8 11. h3 Nb6 12. b3 Be6 13. a4 a5 14. Ne2 0-0 15. Nf4 Bxf4 16. exf4 Ne4 17. g4 Re8 18. Be3 Qd6 19. f5 Bd7 20. Ne5 f6 21. Nf3 Rac8 22. 0-0 h5 23. Kg2 Kf7 24. Nd2 hxg4 25. hxg4 Rh8 26. Rh1 Rxh1 27. Rxh1 c5 28. Nxe4 dxe4 29. Bc4+ Nd5 30. dxc5 Qe5 31. Qd2 Bc6 32. Rd1 Rd8 33. Bf4 e3 34. fxe3 Qe4+ 35. Kg3 Ke8 36. Qxa5 Rd7 37. Rd4 Qh1 38. Bxd5 Bxd5 39. Qd2 Qg1+ 40. Kh4 Bf3 41. Bg3 Qh1+ 42. Bh2 Bg2 43. Kg3 Rxd4 44. exd4 Bd5 45. b4 Kf7 46. a5 Qf3+ 47. Kh4 Bc6 48. Qf4 Qe2 49. Bg3 Qd1 50. g5 Qh1+ 51. Bh2 Qe1+ 52. Bg3 Qh1+ 53. Bh2 Qe1+ 1/2-1/2

[Event "Balaton op 31st"]
[Site "Heviz"]
[Date "2013.09.26"]
[Round "4"]
[White "Kincs, Imre"]
[Black "Borsos, Bogdan"]
[Result "1/2-1/2"]
[WhiteElo "2164"]
[BlackElo "2298"]
[PlyCount "82"]
[EventDate "2013.09.23"]
[EventType "swiss"]
[EventRounds "9"]
[EventCountry "HUN"]
[SourceTitle "EXT 2014"]
[Source "ChessBase"]
[SourceDate "2013.11.20"]
[SourceVersion "1"]
[SourceVersionDate "2013.11.20"]
[SourceQuality "1"]

1. d4 d6 2. e4 Nf6 3. Nc3 e5 4. dxe5 dxe5 5. Qxd8+ Kxd8 6. Nf3 Bd6 7. Bc4 Ke8 8. Bg5 a6 9. a3 Nc6 10. Bxf6 gxf6 11. Nd5 f5 12. Ng5 Rb8 13. Ne3 f4 14. Nxf7 fxe3 15. Nxh8 Nd4 16. 0-0-0 Bg4 17. fxe3 Bxd1 18. Kxd1 b5 19. Ba2 Ke7 20. Nf7 Ne6 21. Nxd6 cxd6 22. Bxe6 Kxe6 23. Ke2 Rg8 24. Rg1 h5 25. g3 Rc8 26. c3 a5 27. Kd3 Rf8 28. Ke2 b4 29. axb4 axb4 30. c4 Ra8 31. Kd3 Rf8 32. Rg2 Rf1 33. Kc2 Re1 34. Kb3 Rxe3+ 35. Kxb4 Rxe4 36. Kb5 d5 37. cxd5+ Kxd5 38. b4 Re1 39. h3 Ke4 40. g4 Kf3 41. Rc2 hxg4 1/2-1/2

[Event "Zalakaros op 32nd"]
[Site "Zalakaros"]
[Date "2013.05.29"]
[Round "8"]
[White "Kincs, Imre"]
[Black "Wukits, Rene"]
[Result "1-0"]
[WhiteElo "2184"]
[BlackElo "2292"]
[PlyCount "79"]
[EventDate "2013.05.22"]
[EventType "swiss"]
[EventRounds "9"]
[EventCountry "HUN"]
[SourceTitle "CBM 154 Extra"]
[Source "ChessBase"]
[SourceDate "2013.06.25"]
[SourceVersion "2"]
[SourceVersionDate "2013.06.25"]
[SourceQuality "1"]

1. d4 Nf6 2. c4 e6 3. Nf3 c5 4. d5 exd5 5. cxd5 d6 6. Nc3 g6 7. h3 a6 8. a4 Qe7 9. g4 Bg7 10. Bg2 0-0 11. Bg5 h6 12. Bh4 g5 13. Bg3 Nbd7 14. 0-0 Rb8 15. Qd3 Ne8 16. Ra2 f6 17. a5 b5 18. axb6 Rxb6 19. Nd2 Ne5 20. Bxe5 fxe5 21. Nc4 Rb4 22. Ne4 h5 23. gxh5 Rf4 24. b3 Rh4 25. Rfa1 Rxh5 26. Ra4 Rxa4 27. Rxa4 Rh6 28. Nb6 Bb7 29. Qg3 Qd8 30. Nc4 Rg6 31. Qd3 Rh6 32. Na5 Bc8 33. Nc6 Qc7 34. Nxg5 Nf6 35. b4 Rh4 36. Qg6 e4 37. bxc5 Rh6 38. cxd6 Rxg6 39. dxc7 Nxd5 40. Rxe4 1-0

[Event "Zalakaros op 32nd"]
[Site "Zalakaros"]
[Date "2013.05.26"]
[Round "5"]
[White "Havanecz, Bianka"]
[Black "Kincs, Imre"]
[Result "1-0"]
[WhiteElo "2121"]
[BlackElo "2184"]
[PlyCount "123"]
[EventDate "2013.05.22"]
[EventType "swiss"]
[EventRounds "9"]
[EventCountry "HUN"]
[SourceTitle "CBM 154 Extra"]
[Source "ChessBase"]
[SourceDate "2013.06.25"]
[SourceVersion "2"]
[SourceVersionDate "2013.06.25"]
[SourceQuality "1"]

1. d4 Nf6 2. c4 e6 3. Nf3 b6 4. g3 Bb7 5. Bg2 c5 6. e3 Na6 7. 0-0 Nc7 8. b3 Be7 9. Bb2 0-0 10. Nbd2 Ne4 11. Nxe4 Bxe4 12. Ne5 Bxg2 13. Kxg2 f6 14. Nd3 cxd4 15. exd4 d5 16. Qe2 Qd7 17. c5 bxc5 18. dxc5 e5 19. b4 a5 20. a3 Rfb8 21. Bc3 Qb5 22. Rfc1 axb4 23. axb4 Rxa1 24. Rxa1 Qc4 25. Bd2 Bf8 26. Nc1 Qxe2 27. Nxe2 d4 28. g4 Nd5 29. Ra4 g6 30. Ng3 Kf7 31. Kf3 Ke6 32. Ke4 f5+ 33. gxf5+ gxf5+ 34. Kd3 Nc7 35. Ra7 e4+ 36. Kc4 Nb5 37. Ra6+ Ke5 38. Ne2 e3 39. fxe3 dxe3 40. Bxe3 Ke4 41. Bf4 Rb7 42. c6 Na3+ 43. Rxa3 Rxb4+ 44. Kc3 Kd5 45. Ra5+ Kxc6 46. Rxf5 Bc5 47. Be3 Rb5 48. Rxc5+ Rxc5+ 49. Bxc5 Kxc5 50. Nf4 Kd6 51. Kd4 Ke7 52. Ke5 Kf7 53. Kf5 Kg7 54. Kg5 Kf7 55. Kh6 Kg8 56. h4 Kh8 57. Ne6 Kg8 58. Ng5 Kh8 59. Nxh7 Kg8 60. Kg6 Kh8 61. Ng5 Kg8 62. h5 1-0

[Event "HUN-chT2 Charousek 1213"]
[Site "Hungary"]
[Date "2012.10.07"]
[Round "2"]
[White "Kiss, Gergely"]
[Black "Kincs, Imre"]
[Result "0-1"]
[WhiteElo "2209"]
[BlackElo "2167"]
[PlyCount "82"]
[EventDate "2012.09.16"]
[EventType "team-tourn"]
[EventRounds "11"]
[EventCountry "HUN"]
[SourceTitle "EXT 2014"]
[Source "ChessBase"]
[SourceDate "2013.11.20"]
[SourceVersion "1"]
[SourceVersionDate "2013.11.20"]
[SourceQuality "1"]
[WhiteTeam "MLTC II"]
[BlackTeam "Penzugyor II"]
[WhiteTeamCountry "HUN"]
[BlackTeamCountry "HUN"]

1. e4 e5 2. Nf3 Nc6 3. Bc4 d6 4. d4 Bg4 5. c3 Bxf3 6. Qxf3 Qf6 7. d5 Qxf3 8. gxf3 Nce7 9. Be3 Ng6 10. Bb5+ Kd8 11. Nd2 a6 12. Bf1 Nf6 13. 0-0-0 Nh5 14. Rg1 Ngf4 15. c4 g6 16. Kc2 Be7 17. a3 Kd7 18. Rb1 c6 19. b4 Rhc8 20. Kb3 cxd5 21. cxd5 Bd8 22. a4 Ke7 23. Nc4 Bc7 24. b5 axb5 25. axb5 h6 26. b6 Bd8 27. Na3 f5 28. Bb5 g5 29. Nc4 Nh3 30. Rgf1 Nf6 31. exf5 Nf4 32. Bxf4 gxf4 33. Rg1 Rc5 34. Kc2 Kf8 35. Rb2 Rac8 36. Kc3 Bxb6 37. Rg6 Bd8 38. Rxh6 Rxd5 39. Rxf6+ Bxf6 40. Bd7 Rc7 41. Be6 e4+ 0-1

[Event "Balaton op 30th"]
[Site "Heviz"]
[Date "2012.10.01"]
[Round "9"]
[White "Kincs, Imre"]
[Black "Grimm, Daniel"]
[Result "1/2-1/2"]
[WhiteElo "2167"]
[BlackElo "2151"]
[PlyCount "33"]
[EventDate "2012.09.23"]
[EventType "swiss"]
[EventRounds "9"]
[EventCountry "HUN"]
[SourceTitle "CBM 150 Extra"]
[Source "ChessBase"]
[SourceDate "2012.10.19"]
[SourceVersion "1"]
[SourceVersionDate "2012.10.19"]
[SourceQuality "1"]

1. e4 c5 2. Nf3 d6 3. d4 cxd4 4. Nxd4 Nf6 5. Nc3 g6 6. Be3 Bg7 7. f3 0-0 8. Qd2 Nc6 9. 0-0-0 d5 10. exd5 Nxd5 11. Nxc6 bxc6 12. Bd4 Nxc3 13. Qxc3 Bh6+ 14. Be3 Bxe3+ 15. Qxe3 Qb6 16. Qxb6 axb6 17. a3 1/2-1/2

[Event "Balaton op 30th"]
[Site "Heviz"]
[Date "2012.09.30"]
[Round "8"]
[White "Kincs, Imre"]
[Black "Marjanovics, Gyorgy"]
[Result "1-0"]
[WhiteElo "2167"]
[BlackElo "2125"]
[PlyCount "53"]
[EventDate "2012.09.23"]
[EventType "swiss"]
[EventRounds "9"]
[EventCountry "HUN"]
[SourceTitle "CBM 150 Extra"]
[Source "ChessBase"]
[SourceDate "2012.10.19"]
[SourceVersion "1"]
[SourceVersionDate "2012.10.19"]
[SourceQuality "1"]

1. d4 Nf6 2. c4 e6 3. Nf3 b6 4. a3 Be7 5. Nc3 Bb7 6. e3 0-0 7. b4 d6 8. Bb2 Nbd7 9. Bd3 c5 10. 0-0 d5 11. cxd5 cxb4 12. axb4 Bxb4 13. dxe6 fxe6 14. Qb3 Qe7 15. Bc4 Rfe8 16. Ng5 Nf8 17. f4 Bxc3 18. Bxc3 h6 19. Nxe6 Nxe6 20. f5 Bc8 21. fxe6 Bxe6 22. d5 Bf7 23. Rf3 Rac8 24. Raf1 Qe4 25. Bxf6 gxf6 26. Rg3+ Kh8 27. Rxf6 1-0

[Event "Balaton op 30th"]
[Site "Heviz"]
[Date "2012.09.28"]
[Round "6"]
[White "Kincs, Imre"]
[Black "Zpevakova, Jana"]
[Result "1-0"]
[WhiteElo "2167"]
[BlackElo "1905"]
[PlyCount "105"]
[EventDate "2012.09.23"]
[EventType "swiss"]
[EventRounds "9"]
[EventCountry "HUN"]
[SourceTitle "CBM 150 Extra"]
[Source "ChessBase"]
[SourceDate "2012.10.19"]
[SourceVersion "1"]
[SourceVersionDate "2012.10.19"]
[SourceQuality "1"]

1. d4 Nf6 2. c4 d6 3. Nc3 Nbd7 4. Nf3 e5 5. d5 Be7 6. g3 c6 7. Bg2 a6 8. 0-0 0-0 9. b4 Qc7 10. Bb2 Nb6 11. Nd2 cxd5 12. cxd5 Bg4 13. h3 Bh5 14. Qb3 Nfd7 15. Rac1 Qd8 16. e4 Rc8 17. a4 Bg5 18. f4 exf4 19. gxf4 Bf6 20. a5 Bd4+ 21. Kh2 Na8 22. Nc4 Qe7 23. Na4 Bxb2 24. Qxb2 f6 25. Qf2 h6 26. Rc3 Nc7 27. Ncb6 Nxb6 28. Nxb6 Rce8 29. Qh4 Bf7 30. Rg3 Kh8 31. f5 Bg8 32. Rg1 Bh7 33. Bf3 Rg8 34. Nc4 Nb5 35. Qf4 Rc8 36. Be2 Rce8 37. Bd3 Rd8 38. R3g2 Rde8 39. Nb6 Qe5 40. Qxe5 Rxe5 41. Rc1 Re7 42. Kg3 Bxf5 43. Bxb5 Bxe4 44. Bf1 Bxg2 45. Bxg2 g5 46. Nc8 Rd7 47. Be4 Rgd8 48. Bf5 Rg7 49. Kg4 Rf7 50. Kh5 Rg7 51. Kxh6 Kg8 52. Nxd6 Kh8 53. Ne4 1-0

[Event "Balaton op 30th"]
[Site "Heviz"]
[Date "2012.09.25"]
[Round "3"]
[White "Nagy, Ervin"]
[Black "Kincs, Imre"]
[Result "1/2-1/2"]
[WhiteElo "2264"]
[BlackElo "2167"]
[PlyCount "94"]
[EventDate "2012.09.23"]
[EventType "swiss"]
[EventRounds "9"]
[EventCountry "HUN"]
[SourceTitle "CBM 150 Extra"]
[Source "ChessBase"]
[SourceDate "2012.10.19"]
[SourceVersion "1"]
[SourceVersionDate "2012.10.19"]
[SourceQuality "1"]

1. Nf3 d5 2. d3 Nf6 3. Nbd2 Bf5 4. c3 Nbd7 5. Nh4 Bg6 6. g3 e5 7. Bg2 c6 8. 0-0 a5 9. a4 Be7 10. Qc2 Nc5 11. Nxg6 hxg6 12. d4 exd4 13. cxd4 Ne6 14. Nb3 g5 15. Bd2 g4 16. Rad1 Qb6 17. Qd3 Bb4 18. f3 Bxd2 19. Rxd2 Qb4 20. Qc3 gxf3 21. exf3 Qxa4 22. Ra1 Qb5 23. Rxa5 Rxa5 24. Nxa5 0-0 25. Bf1 Qb6 26. b4 Ra8 27. Kg2 Ne8 28. Nb3 Ra3 29. b5 cxb5 30. Qb4 Ra4 31. Qxb5 Qxb5 32. Bxb5 Rb4 33. Bxe8 Rxb3 34. Bd7 Ng5 35. Bg4 g6 36. h4 Nh7 37. Kf2 Nf6 38. Bh3 Kf8 39. Rc2 b6 40. Rc6 Rb2+ 41. Ke3 Nh5 42. Rd6 Nxg3 43. Rxd5 Rh2 44. Bc8 Rxh4 45. Rb5 Nf1+ 46. Ke2 Nh2 47. Ke3 Nf1+ 1/2-1/2

[Event "Balaton op 30th"]
[Site "Heviz"]
[Date "2012.09.23"]
[Round "1"]
[White "Sergeev, Vladimir"]
[Black "Kincs, Imre"]
[Result "1-0"]
[WhiteElo "2481"]
[BlackElo "2167"]
[PlyCount "47"]
[EventDate "2012.09.23"]
[EventType "swiss"]
[EventRounds "9"]
[EventCountry "HUN"]
[SourceTitle "CBM 150 Extra"]
[Source "ChessBase"]
[SourceDate "2012.10.19"]
[SourceVersion "1"]
[SourceVersionDate "2012.10.19"]
[SourceQuality "1"]

1. d4 Nf6 2. Nf3 d5 3. Bg5 Nbd7 4. Nbd2 h6 5. Bh4 e6 6. e3 c5 7. c3 Bd6 8. Bd3 Qc7 9. 0-0 c4 10. Bc2 b5 11. e4 dxe4 12. Nxe4 Nxe4 13. Bxe4 Rb8 14. Qe2 0-0 15. Rae1 f5 16. Bb1 Nb6 17. h3 g5 18. Bg3 Bxg3 19. fxg3 Qxg3 20. Ne5 Rf6 21. Rf3 Qh4 22. Kh2 Bb7 23. Ng4 Rg6 24. Re3 1-0

[Event "Balaton op-A 29th"]
[Site "Heviz"]
[Date "2011.10.22"]
[Round "5"]
[White "Kincs, Imre"]
[Black "Takacs, Balazs"]
[Result "0-1"]
[WhiteElo "2179"]
[BlackElo "2334"]
[PlyCount "62"]
[EventDate "2011.10.18"]
[EventType "swiss"]
[EventRounds "9"]
[EventCountry "HUN"]
[SourceTitle "EXT 2012"]
[Source "ChessBase"]
[SourceDate "2011.11.24"]
[SourceVersion "1"]
[SourceVersionDate "2011.11.24"]
[SourceQuality "1"]

1. d4 Nf6 2. c4 g6 3. Nc3 Bg7 4. e4 d6 5. Nf3 0-0 6. h3 e5 7. d5 Na6 8. Bg5 Qe8 9. Bd3 Nh5 10. Bc2 Bd7 11. Qd2 Nb4 12. g4 Nxc2+ 13. Qxc2 Nf4 14. 0-0-0 b5 15. cxb5 Bxb5 16. Nxb5 Qxb5 17. Nd4 Qa6 18. Bxf4 Qxa2 19. Be3 exd4 20. Bxd4 Bh6+ 21. Be3 Bxe3+ 22. fxe3 Rab8 23. Rh2 Rb3 24. Re2 Rfb8 25. Qxc7 R8b5 26. Rc2 Rc5 27. Qxc5 dxc5 28. d6 Qa1+ 29. Kd2 Rd3+ 30. Kxd3 Qxd1+ 31. Rd2 c4+ 0-1

[Event "Zalakaros op 30th"]
[Site "Zalakaros"]
[Date "2011.05.26"]
[Round "7"]
[White "Kincs, Imre"]
[Black "Djurovic, Goran"]
[Result "1-0"]
[WhiteElo "2159"]
[BlackElo "2371"]
[PlyCount "87"]
[EventDate "2011.05.20"]
[EventType "swiss"]
[EventRounds "9"]
[EventCountry "HUN"]
[SourceTitle "CBM 142 Extra"]
[Source "ChessBase"]
[SourceDate "2011.06.27"]
[SourceVersion "1"]
[SourceVersionDate "2011.06.27"]
[SourceQuality "1"]

1. d4 Nf6 2. Nf3 e6 3. c4 c5 4. d5 d6 5. Nc3 exd5 6. cxd5 g6 7. g3 Bg7 8. Bg2 0-0 9. 0-0 a6 10. a4 Nbd7 11. Bf4 Qe7 12. a5 b5 13. axb6 Nxb6 14. Re1 Nfd7 15. e4 Rb8 16. Qc2 Ne5 17. Bxe5 Bxe5 18. Nxe5 Qxe5 19. Bf1 c4 20. Qd2 f6 21. f4 Qe7 22. Qd4 Qc7 23. Nd1 Nd7 24. Rc1 Qa5 25. Re3 Nc5 26. Bxc4 Nb3 27. Bxb3 Rxb3 28. Rxc8 Rxc8 29. Rxb3 Qe1+ 30. Kg2 Rc2+ 31. Nf2 Rd2 32. Rd3 Rc2 33. h4 a5 34. b3 h5 35. Qe3 Re2 36. Qf3 Kg7 37. f5 gxf5 38. Qxf5 Qa1 39. Qxh5 Re1 40. Qg4+ Kh8 41. Qc8+ Kg7 42. Rc3 f5 43. Rc7+ Kh6 44. Qf8+ 1-0